00938nabaa22001937a 4500003000400000005001700004008004100021040000700062100002300069245006200092300001500154500003700169505025500206505008900461650002700550650002500577650002700602773011500629OSt20260128231708.0190701b xxu||||| |||| 00| 0 spa d cPJ aBonhote, Laura V. 13aEl derecho a la propiedad en crisis /cLaura V. Bonhote.  ap. 117-122 aCita: TR LALEY AR/DOC/3269/2024  aSumario: I. Introducción.— II. Breve marco teórico.— III. El caso "Acosta".— IV. Aspectos relevantes del caso.— V. Abordaje del problema.— VI. La influencia de grupos vulnerables en los procesos involucrados.— VII. Reflexión final.  t¿Te interesa el texto completo? Comunicate al correo: koha@justierradelfuego.gov.ar 0aDERECHO ADMINISTRATIVO 0aDERECHO DE PROPIEDAD 0aDERECHO CONSTITUCIONAL0 02842dBuenos Aires : AbeledoPerrot, 2012-oDA121tDerecho administrativo. Nº 157 enero/febrero 2025z18510590